<?xml version="1.0" encoding="UTF-8"?>
<record
    xmlns:xsi="http://www.w3.org/2001/XMLSchema-instance"
    xsi:schemaLocation="http://www.loc.gov/MARC21/slim http://www.loc.gov/standards/marcxml/schema/MARC21slim.xsd"
    xmlns="http://www.loc.gov/MARC21/slim">

  <leader>00485nam a22001937a 4500</leader>
  <controlfield tag="003">OSt</controlfield>
  <controlfield tag="005">20210811114904.0</controlfield>
  <controlfield tag="008">210811b        |||||||| |||| 00| 0 eng d</controlfield>
  <datafield tag="020" ind1=" " ind2=" ">
    <subfield code="a">0697231186</subfield>
  </datafield>
  <datafield tag="040" ind1=" " ind2=" ">
    <subfield code="c">hawssa universty</subfield>
  </datafield>
  <datafield tag="050" ind1=" " ind2=" ">
    <subfield code="a">616/89</subfield>
  </datafield>
  <datafield tag="082" ind1=" " ind2=" ">
    <subfield code="a">616/89 abn</subfield>
    <subfield code="b">1</subfield>
  </datafield>
  <datafield tag="100" ind1=" " ind2=" ">
    <subfield code="a">Hoeksema susan Nolen</subfield>
    <subfield code="9">22</subfield>
  </datafield>
  <datafield tag="245" ind1=" " ind2=" ">
    <subfield code="a">Abnormal Psycholojy</subfield>
  </datafield>
  <datafield tag="250" ind1=" " ind2=" ">
    <subfield code="a">1</subfield>
  </datafield>
  <datafield tag="260" ind1=" " ind2=" ">
    <subfield code="a">America</subfield>
    <subfield code="b">Vaicunas</subfield>
    <subfield code="c">1998</subfield>
  </datafield>
  <datafield tag="300" ind1=" " ind2=" ">
    <subfield code="a">646</subfield>
  </datafield>
  <datafield tag="942" ind1=" " ind2=" ">
    <subfield code="2">ddc</subfield>
    <subfield code="c">COMPUTER</subfield>
    <subfield code="h">616.89/hal</subfield>
    <subfield code="n">0</subfield>
  </datafield>
  <datafield tag="999" ind1=" " ind2=" ">
    <subfield code="c">29</subfield>
    <subfield code="d">29</subfield>
  </datafield>
  <datafield tag="952" ind1=" " ind2=" ">
    <subfield code="0">0</subfield>
    <subfield code="1">0</subfield>
    <subfield code="2">ddc</subfield>
    <subfield code="4">0</subfield>
    <subfield code="7">0</subfield>
    <subfield code="a">001</subfield>
    <subfield code="b">003</subfield>
    <subfield code="d">2021-08-11</subfield>
    <subfield code="l">0</subfield>
    <subfield code="p">SHLIB00010647</subfield>
    <subfield code="r">2021-08-11 00:00:00</subfield>
    <subfield code="t">1</subfield>
    <subfield code="w">2021-08-11</subfield>
    <subfield code="y">COMPUTER</subfield>
  </datafield>
  <datafield tag="952" ind1=" " ind2=" ">
    <subfield code="0">0</subfield>
    <subfield code="1">0</subfield>
    <subfield code="2">ddc</subfield>
    <subfield code="4">0</subfield>
    <subfield code="7">0</subfield>
    <subfield code="a">001</subfield>
    <subfield code="b">001</subfield>
    <subfield code="c">GEN</subfield>
    <subfield code="d">2021-09-21</subfield>
    <subfield code="l">0</subfield>
    <subfield code="o">616.89/NOL</subfield>
    <subfield code="p">NSCLIB00008373</subfield>
    <subfield code="r">2021-09-21 00:00:00</subfield>
    <subfield code="t">1</subfield>
    <subfield code="w">2021-09-21</subfield>
    <subfield code="y">COMPUTER</subfield>
  </datafield>
  <datafield tag="952" ind1=" " ind2=" ">
    <subfield code="0">0</subfield>
    <subfield code="1">0</subfield>
    <subfield code="2">ddc</subfield>
    <subfield code="4">0</subfield>
    <subfield code="7">0</subfield>
    <subfield code="a">001</subfield>
    <subfield code="b">001</subfield>
    <subfield code="c">GEN</subfield>
    <subfield code="d">2021-09-21</subfield>
    <subfield code="l">0</subfield>
    <subfield code="o">616.89/NOL</subfield>
    <subfield code="p">NSCLIB00008374</subfield>
    <subfield code="r">2021-09-21 00:00:00</subfield>
    <subfield code="t">2</subfield>
    <subfield code="w">2021-09-21</subfield>
    <subfield code="y">COMPUTER</subfield>
  </datafield>
  <datafield tag="952" ind1=" " ind2=" ">
    <subfield code="0">0</subfield>
    <subfield code="1">0</subfield>
    <subfield code="2">ddc</subfield>
    <subfield code="4">0</subfield>
    <subfield code="7">0</subfield>
    <subfield code="a">001</subfield>
    <subfield code="b">001</subfield>
    <subfield code="c">GEN</subfield>
    <subfield code="d">2021-09-21</subfield>
    <subfield code="l">0</subfield>
    <subfield code="o">616.89/NOL</subfield>
    <subfield code="p">NSCLIB00008375</subfield>
    <subfield code="r">2021-09-21 00:00:00</subfield>
    <subfield code="t">3</subfield>
    <subfield code="w">2021-09-21</subfield>
    <subfield code="y">COMPUTER</subfield>
  </datafield>
  <datafield tag="952" ind1=" " ind2=" ">
    <subfield code="0">0</subfield>
    <subfield code="1">0</subfield>
    <subfield code="2">ddc</subfield>
    <subfield code="4">0</subfield>
    <subfield code="7">0</subfield>
    <subfield code="a">001</subfield>
    <subfield code="b">001</subfield>
    <subfield code="c">GEN</subfield>
    <subfield code="d">2021-09-21</subfield>
    <subfield code="l">0</subfield>
    <subfield code="o">616.89/NOL</subfield>
    <subfield code="p">NSCLIB00008376</subfield>
    <subfield code="r">2021-09-21 00:00:00</subfield>
    <subfield code="t">4</subfield>
    <subfield code="w">2021-09-21</subfield>
    <subfield code="y">COMPUTER</subfield>
  </datafield>
  <datafield tag="952" ind1=" " ind2=" ">
    <subfield code="0">0</subfield>
    <subfield code="1">0</subfield>
    <subfield code="2">ddc</subfield>
    <subfield code="4">0</subfield>
    <subfield code="7">0</subfield>
    <subfield code="a">001</subfield>
    <subfield code="b">001</subfield>
    <subfield code="c">GEN</subfield>
    <subfield code="d">2021-09-21</subfield>
    <subfield code="l">0</subfield>
    <subfield code="o">616.89/NOL</subfield>
    <subfield code="p">NSCLIB00008377</subfield>
    <subfield code="r">2021-09-21 00:00:00</subfield>
    <subfield code="t">5</subfield>
    <subfield code="w">2021-09-21</subfield>
    <subfield code="y">COMPUTER</subfield>
  </datafield>
  <datafield tag="952" ind1=" " ind2=" ">
    <subfield code="0">0</subfield>
    <subfield code="1">0</subfield>
    <subfield code="2">ddc</subfield>
    <subfield code="4">0</subfield>
    <subfield code="7">0</subfield>
    <subfield code="a">001</subfield>
    <subfield code="b">001</subfield>
    <subfield code="c">GEN</subfield>
    <subfield code="d">2021-09-21</subfield>
    <subfield code="l">0</subfield>
    <subfield code="o">616.89/NOL</subfield>
    <subfield code="p">NSCLIB00008378</subfield>
    <subfield code="r">2021-09-21 00:00:00</subfield>
    <subfield code="t">6</subfield>
    <subfield code="w">2021-09-21</subfield>
    <subfield code="y">COMPUTER</subfield>
  </datafield>
  <datafield tag="952" ind1=" " ind2=" ">
    <subfield code="0">0</subfield>
    <subfield code="1">0</subfield>
    <subfield code="2">ddc</subfield>
    <subfield code="4">0</subfield>
    <subfield code="7">0</subfield>
    <subfield code="a">001</subfield>
    <subfield code="b">001</subfield>
    <subfield code="c">GEN</subfield>
    <subfield code="d">2021-09-21</subfield>
    <subfield code="l">0</subfield>
    <subfield code="o">616.89/NOL</subfield>
    <subfield code="p">NSCLIB00008379</subfield>
    <subfield code="r">2021-09-21 00:00:00</subfield>
    <subfield code="t">7</subfield>
    <subfield code="w">2021-09-21</subfield>
    <subfield code="y">COMPUTER</subfield>
  </datafield>
  <datafield tag="952" ind1=" " ind2=" ">
    <subfield code="0">0</subfield>
    <subfield code="1">0</subfield>
    <subfield code="2">ddc</subfield>
    <subfield code="4">0</subfield>
    <subfield code="7">0</subfield>
    <subfield code="a">001</subfield>
    <subfield code="b">001</subfield>
    <subfield code="c">GEN</subfield>
    <subfield code="d">2021-09-21</subfield>
    <subfield code="l">0</subfield>
    <subfield code="o">616.89/NOL</subfield>
    <subfield code="p">NSCLIB00008380</subfield>
    <subfield code="r">2021-09-21 00:00:00</subfield>
    <subfield code="t">8</subfield>
    <subfield code="w">2021-09-21</subfield>
    <subfield code="y">COMPUTER</subfield>
  </datafield>
  <datafield tag="952" ind1=" " ind2=" ">
    <subfield code="0">0</subfield>
    <subfield code="1">0</subfield>
    <subfield code="2">ddc</subfield>
    <subfield code="4">0</subfield>
    <subfield code="7">0</subfield>
    <subfield code="a">001</subfield>
    <subfield code="b">001</subfield>
    <subfield code="c">GEN</subfield>
    <subfield code="d">2021-09-21</subfield>
    <subfield code="l">0</subfield>
    <subfield code="o">616.89/NOL</subfield>
    <subfield code="p">NSCLIB00008381</subfield>
    <subfield code="r">2021-09-21 00:00:00</subfield>
    <subfield code="t">9</subfield>
    <subfield code="w">2021-09-21</subfield>
    <subfield code="y">COMPUTER</subfield>
  </datafield>
  <datafield tag="952" ind1=" " ind2=" ">
    <subfield code="0">0</subfield>
    <subfield code="1">0</subfield>
    <subfield code="2">ddc</subfield>
    <subfield code="4">0</subfield>
    <subfield code="7">0</subfield>
    <subfield code="a">001</subfield>
    <subfield code="b">001</subfield>
    <subfield code="c">GEN</subfield>
    <subfield code="d">2021-09-21</subfield>
    <subfield code="l">0</subfield>
    <subfield code="o">616.89/NOL</subfield>
    <subfield code="p">NSCLIB00008382</subfield>
    <subfield code="r">2021-09-21 00:00:00</subfield>
    <subfield code="t">10</subfield>
    <subfield code="w">2021-09-21</subfield>
    <subfield code="y">COMPUTER</subfield>
  </datafield>
  <datafield tag="952" ind1=" " ind2=" ">
    <subfield code="0">0</subfield>
    <subfield code="1">0</subfield>
    <subfield code="2">ddc</subfield>
    <subfield code="4">0</subfield>
    <subfield code="7">0</subfield>
    <subfield code="a">001</subfield>
    <subfield code="b">001</subfield>
    <subfield code="c">GEN</subfield>
    <subfield code="d">2021-09-21</subfield>
    <subfield code="l">0</subfield>
    <subfield code="o">616.89/NOL</subfield>
    <subfield code="p">NSCLIB00008383</subfield>
    <subfield code="r">2021-09-21 00:00:00</subfield>
    <subfield code="t">11</subfield>
    <subfield code="w">2021-09-21</subfield>
    <subfield code="y">COMPUTER</subfield>
  </datafield>
  <datafield tag="952" ind1=" " ind2=" ">
    <subfield code="0">0</subfield>
    <subfield code="1">0</subfield>
    <subfield code="2">ddc</subfield>
    <subfield code="4">0</subfield>
    <subfield code="7">0</subfield>
    <subfield code="a">001</subfield>
    <subfield code="b">001</subfield>
    <subfield code="c">GEN</subfield>
    <subfield code="d">2021-09-21</subfield>
    <subfield code="l">0</subfield>
    <subfield code="o">616.89/NOL</subfield>
    <subfield code="p">NSCLIB00008384</subfield>
    <subfield code="r">2021-09-21 00:00:00</subfield>
    <subfield code="t">12</subfield>
    <subfield code="w">2021-09-21</subfield>
    <subfield code="y">COMPUTER</subfield>
  </datafield>
  <datafield tag="952" ind1=" " ind2=" ">
    <subfield code="0">0</subfield>
    <subfield code="1">0</subfield>
    <subfield code="2">ddc</subfield>
    <subfield code="4">0</subfield>
    <subfield code="7">0</subfield>
    <subfield code="a">001</subfield>
    <subfield code="b">001</subfield>
    <subfield code="c">GEN</subfield>
    <subfield code="d">2021-09-21</subfield>
    <subfield code="l">0</subfield>
    <subfield code="o">616.89/NOL</subfield>
    <subfield code="p">NSCLIB00008385</subfield>
    <subfield code="r">2021-09-21 00:00:00</subfield>
    <subfield code="t">13</subfield>
    <subfield code="w">2021-09-21</subfield>
    <subfield code="y">COMPUTER</subfield>
  </datafield>
  <datafield tag="952" ind1=" " ind2=" ">
    <subfield code="0">0</subfield>
    <subfield code="1">0</subfield>
    <subfield code="2">ddc</subfield>
    <subfield code="4">0</subfield>
    <subfield code="7">0</subfield>
    <subfield code="a">001</subfield>
    <subfield code="b">001</subfield>
    <subfield code="c">GEN</subfield>
    <subfield code="d">2021-09-21</subfield>
    <subfield code="l">0</subfield>
    <subfield code="o">616.89/NOL</subfield>
    <subfield code="p">NSCLIB00008386</subfield>
    <subfield code="r">2021-09-21 00:00:00</subfield>
    <subfield code="t">14</subfield>
    <subfield code="w">2021-09-21</subfield>
    <subfield code="y">COMPUTER</subfield>
  </datafield>
  <datafield tag="952" ind1=" " ind2=" ">
    <subfield code="0">0</subfield>
    <subfield code="1">0</subfield>
    <subfield code="2">ddc</subfield>
    <subfield code="4">0</subfield>
    <subfield code="7">0</subfield>
    <subfield code="a">001</subfield>
    <subfield code="b">001</subfield>
    <subfield code="c">GEN</subfield>
    <subfield code="d">2021-09-21</subfield>
    <subfield code="l">0</subfield>
    <subfield code="o">616.89/NOL</subfield>
    <subfield code="p">NSCLIB00008387</subfield>
    <subfield code="r">2021-09-21 00:00:00</subfield>
    <subfield code="t">15</subfield>
    <subfield code="w">2021-09-21</subfield>
    <subfield code="y">COMPUTER</subfield>
  </datafield>
  <datafield tag="952" ind1=" " ind2=" ">
    <subfield code="0">0</subfield>
    <subfield code="1">0</subfield>
    <subfield code="2">ddc</subfield>
    <subfield code="4">0</subfield>
    <subfield code="7">0</subfield>
    <subfield code="a">001</subfield>
    <subfield code="b">001</subfield>
    <subfield code="c">GEN</subfield>
    <subfield code="d">2021-09-21</subfield>
    <subfield code="l">0</subfield>
    <subfield code="o">616.89/NOL</subfield>
    <subfield code="p">NSCLIB00008388</subfield>
    <subfield code="r">2021-09-21 00:00:00</subfield>
    <subfield code="t">16</subfield>
    <subfield code="w">2021-09-21</subfield>
    <subfield code="y">COMPUTER</subfield>
  </datafield>
  <datafield tag="952" ind1=" " ind2=" ">
    <subfield code="0">0</subfield>
    <subfield code="1">0</subfield>
    <subfield code="2">ddc</subfield>
    <subfield code="4">0</subfield>
    <subfield code="7">0</subfield>
    <subfield code="a">001</subfield>
    <subfield code="b">001</subfield>
    <subfield code="c">GEN</subfield>
    <subfield code="d">2021-09-21</subfield>
    <subfield code="l">0</subfield>
    <subfield code="o">616.89/NOL</subfield>
    <subfield code="p">NSCLIB00008389</subfield>
    <subfield code="r">2021-09-21 00:00:00</subfield>
    <subfield code="t">17</subfield>
    <subfield code="w">2021-09-21</subfield>
    <subfield code="y">COMPUTER</subfield>
  </datafield>
  <datafield tag="952" ind1=" " ind2=" ">
    <subfield code="0">0</subfield>
    <subfield code="1">0</subfield>
    <subfield code="2">ddc</subfield>
    <subfield code="4">0</subfield>
    <subfield code="7">0</subfield>
    <subfield code="a">001</subfield>
    <subfield code="b">001</subfield>
    <subfield code="c">GEN</subfield>
    <subfield code="d">2021-09-21</subfield>
    <subfield code="l">0</subfield>
    <subfield code="o">616.89/NOL</subfield>
    <subfield code="p">NSCLIB00008390</subfield>
    <subfield code="r">2021-09-21 00:00:00</subfield>
    <subfield code="t">18</subfield>
    <subfield code="w">2021-09-21</subfield>
    <subfield code="y">COMPUTER</subfield>
  </datafield>
</record>
